[Event "NATO-ch 27th"]
[Site "Shrivenham"]
[Date "2016.08.25"]
[Round "5"]
[White "Musselman, Charles"]
[Black "Segzda, Gytis"]
[Result "0-1"]
[WhiteElo "1854"]
[BlackElo "1713"]
[PlyCount "44"]
[EventDate "2016.08.22"]
[EventType "swiss"]
[EventRounds "7"]
[EventCountry "ENG"]
[SourceTitle "EXT 2018"]
[Source "ChessBase"]
[SourceDate "2017.10.13"]
[SourceVersion "1"]
[SourceVersionDate "2017.10.13"]
[SourceQuality "1"]

1. a3 c5 2. Nc3 Nc6 3. e4 e6 4. Nf3 g6 5. Bc4 Nge7 6. d3 Bg7 7. Bd2 0-0 8. Qc1 f5 9. Ne2 fxe4 10. dxe4 d5 11. exd5 exd5 12. Ba2 Bg4 13. Ng5 c4 14. f3 Bd7 15. Nf4 Nf5 16. Nxd5 Re8+ 17. Ne4 Rxe4+ 18. fxe4 Qh4+ 19. Kf1 Ng3+ 20. hxg3 Qxh1+ 21. Kf2 Bd4+ 22. Ne3 Rf8+ 0-1